The Land Acquisition Act, (I of 1894) / (Record no. 587158)

000 -LEADER
fixed length control field 00367nam a22001337a 4500
082 ## - DEWEY DECIMAL CLASSIFICATION NUMBER
Classification number 346.04
100 ## - MAIN ENTRY--PERSONAL NAME
Personal name Malik, M.A.
245 ## - TITLE STATEMENT
Title The Land Acquisition Act, (I of 1894) /
Statement of responsibility, etc. M.A. Malik
260 ## - PUBLICATION, DISTRIBUTION, ETC.
Place of publication, distribution, etc. Lahore :
Name of publisher, distributor, etc. P.L.D. Publishers,
Date of publication, distribution, etc. 2019.
300 ## - PHYSICAL DESCRIPTION
Extent 97 p. ;
Dimensions 24 cm.
942 ## - ADDED ENTRY ELEMENTS (KOHA)
Source of classification or shelving scheme
Koha item type Book
Holdings
Withdrawn status Lost status Source of classification or shelving scheme Damaged status Not for loan Permanent Location Current Location Shelving location Date acquired Source of acquisition Total Checkouts Total Renewals Full call number Barcode Date last seen Date last checked out Price effective from Koha item type
          NUST Law School (NLS) NUST Law School (NLS) Law 12/07/2021 Federal Law House 1 2 346.04 MAL CL-752 05/26/2023 05/20/2023 12/07/2021 Book
© 2023 Central Library, National University of Sciences and Technology. All Rights Reserved.